The open Bible. (Record no. 3833)

000 -LEADER
fixed length control field 00545nam a2200181 a 4500
001 - CONTROL NUMBER
control field :::00001568$&:&@@
003 - CONTROL NUMBER IDENTIFIER
control field OkBaRHE
005 - DATE AND TIME OF LATEST TRANSACTION
control field 20000607103244.0
008 - FIXED-LENGTH DATA ELEMENTS--GENERAL INFORMATION
fixed length control field s1918 j 000 0 eng u
040 ## - CATALOGING SOURCE
Transcribing agency
100 1# - MAIN ENTRY--PERSONAL NAME
Personal name Norlie, Olaf M.
245 14 - TITLE STATEMENT
Title The open Bible.
260 ## - PUBLICATION, DISTRIBUTION, ETC. (IMPRINT)
Place of publication, distribution, etc Minneapolis, MN., :
Name of publisher, distributor, etc Augsburg Publishing House
Date of publication, distribution, etc c1918
300 ## - PHYSICAL DESCRIPTION
Extent 693 p. : illus.
650 ## - SUBJECT ADDED ENTRY--TOPICAL TERM
Topical term or geographic name as entry element Bible Study
General subdivision Outlines, Syllabi, etc.
942 ## - ADDED ENTRY ELEMENTS (KOHA)
Source of classification or shelving scheme
Koha item type Books
Copies
Price effective from Barcode Damaged status Full call number Source of classification or shelving scheme Permanent Location Date last seen Shelving location Withdrawn status Not for loan Copy number Lost status Date acquired Koha item type
2010-04-141568 BS 600 .N6 RHEMA Bible Training College2010-04-14General Stacks  1 2010-04-14Books